[Event "Moscow Aeroflot op-A 18th"]
[Site "Moscow"]
[Date "2019.02.21"]
[Round "2"]
[White "Korobov, Anton"]
[Black "Karthikeyan, Murali"]
[Result "1-0"]
[WhiteElo "2687"]
[BlackElo "2560"]
[PlyCount "109"]
[EventDate "2019.02.20"]
[EventType "swiss"]
[EventRounds "9"]
[EventCountry "RUS"]
[SourceTitle "CBM 189"]
[Source "ChessBase"]
[SourceDate "2019.04.29"]
[SourceVersion "1"]
[SourceVersionDate "2019.04.29"]
[SourceQuality "1"]

1. d4 Nf6 2. c4 e6 3. Nc3 Bb4 4. e3 O-O 5. Bd3 d5 6. Nf3 c5 7. O-O cxd4 8. exd4
dxc4 9. Bxc4 b6 10. Bg5 Bb7 11. Rc1 Nbd7 12. Re1 Rc8 13. Bd3 Bxc3 14. bxc3 Qc7
15. Qe2 Rfe8 16. Bh4 Qf4 17. Bg3 Qg4 18. Ba6 Bxa6 19. Qxa6 Qf5 20. c4 h6 21. h3
Qa5 22. Qxa5 bxa5 23. Re3 Nb6 24. c5 Nbd5 25. Ra3 Nb4 26. Rxa5 Nc6 27. Rb5 Re7
28. Bd6 Rd7 29. Rc4 Ne4 30. Ne5 Rdd8 31. Nxc6 Rxc6 32. Bf4 g5 33. Rb8 Rcc8 34.
Rxc8 Rxc8 35. f3 Nf6 36. Bd6 Nd5 37. Ra4 Nc3 38. Rxa7 Ne2+ 39. Kf2 Nxd4 40. Ke3
Nb5 41. Rb7 Nxd6 42. cxd6 Rd8 43. Rb6 Ra8 44. d7 Kf8 45. Rd6 Ke7 46. d8=Q+ Rxd8
47. Rxd8 Kxd8 48. Kd4 Kd7 49. Kc5 h5 50. a4 f5 51. a5 Kc7 52. a6 e5 53. Kd5 e4
54. fxe4 f4 55. Ke5 1-0

[Event "Moscow Aeroflot op-A 18th"]
[Site "Moscow"]
[Date "2019.02.21"]
[Round "2"]
[White "Lobanov, Sergei"]
[Black "Raja, Rithvik R"]
[Result "1-0"]
[WhiteElo "2526"]
[BlackElo "2443"]
[PlyCount "67"]
[EventDate "2019.02.20"]
[EventType "swiss"]
[EventRounds "9"]
[EventCountry "RUS"]
[SourceTitle "CBM 189"]
[Source "ChessBase"]
[SourceDate "2019.04.29"]
[SourceVersion "1"]
[SourceVersionDate "2019.04.29"]
[SourceQuality "1"]

1. e4 c5 2. Nf3 d6 3. d4 cxd4 4. Nxd4 Nf6 5. Nc3 a6 6. Bg5 e6 7. f4 h6 8. Bh4
Qb6 9. a3 Be7 10. Bf2 Qc7 11. Qf3 b5 12. g4 Nbd7 13. h4 Bb7 14. g5 Nh7 15. g6
Nhf6 16. gxf7+ Kxf7 17. Rg1 g6 18. Rxg6 Nc5 19. Rg1 Rag8 20. Rxg8 Rxg8 21. Bh3
h5 22. O-O-O Ng4 23. f5 e5 24. Ne6 Qc8 25. Ng5+ Bxg5+ 26. hxg5 Rxg5 27. Bh4 Rg8
28. Rxd6 Qc7 29. Qd1 Bc6 30. Bxg4 Rxg4 31. Bd8 Qc8 32. Rf6+ Kg7 33. Qd6 Rg1+
34. Nd1 1-0

[Event "Moscow Aeroflot op-A 18th"]
[Site "Moscow"]
[Date "2019.02.21"]
[Round "2"]
[White "Lomasov, Semen"]
[Black "Sargsyan, Shant"]
[Result "1/2-1/2"]
[WhiteElo "2559"]
[BlackElo "2488"]
[PlyCount "49"]
[EventDate "2019.02.20"]
[EventType "swiss"]
[EventRounds "9"]
[EventCountry "RUS"]
[SourceTitle "CBM 189"]
[Source "ChessBase"]
[SourceDate "2019.04.29"]
[SourceVersion "1"]
[SourceVersionDate "2019.04.29"]
[SourceQuality "1"]

1. e4 c6 2. d4 d5 3. e5 Bf5 4. h4 h5 5. Bd3 Bxd3 6. Qxd3 e6 7. Bg5 Be7 8. Nf3
Nh6 9. c3 Nf5 10. Na3 Nd7 11. Nc2 f6 12. Bf4 fxe5 13. Bxe5 Nxe5 14. Nxe5 Bf6
15. Nf3 Qe7 16. g3 O-O-O 17. O-O-O g5 18. hxg5 Bxg5+ 19. Kb1 Bf6 20. Rhe1 Rdg8
21. Qe2 h4 22. gxh4 Nxh4 23. Nxh4 Rxh4 24. Nb4 Qh7+ 25. Nd3 1/2-1/2

[Event "Moscow Aeroflot op-A 18th"]
[Site "Moscow"]
[Date "2019.02.21"]
[Round "2"]
[White "Macovei, Andrei"]
[Black "Antipov, Mikhail Al"]
[Result "0-1"]
[WhiteElo "2435"]
[BlackElo "2589"]
[PlyCount "118"]
[EventDate "2019.02.20"]
[EventType "swiss"]
[EventRounds "9"]
[EventCountry "RUS"]
[SourceTitle "CBM 189"]
[Source "ChessBase"]
[SourceDate "2019.04.29"]
[SourceVersion "1"]
[SourceVersionDate "2019.04.29"]
[SourceQuality "1"]

1. e4 c5 2. Nf3 e6 3. d4 cxd4 4. Nxd4 a6 5. Nc3 d6 6. Be3 Ne7 7. Qd2 Nec6 8.
Nb3 b5 9. O-O-O Be7 10. f3 Nd7 11. g4 Nce5 12. Qg2 b4 13. Ne2 Nc4 14. Bd4 e5
15. Bg1 Qc7 16. Ng3 g6 17. Bxc4 Qxc4 18. Nf1 Qc6 19. Ne3 a5 20. Nd5 a4 21. Nd2
Rb8 22. Kb1 Nf6 23. Nxf6+ Bxf6 24. Nf1 Be6 25. Qd2 Qc4 26. b3 axb3 27. cxb3 Qb5
28. Ne3 Bg5 29. Nd5 Bxd5 30. Qxd5 Qxd5 31. Rxd5 Ke7 32. h4 Bf4 33. Bh2 Bxh2 34.
Rxh2 h5 35. g5 Rhc8 36. Rd3 Rc6 37. Kb2 Ra8 38. Rhd2 Raa6 39. Rd5 Rab6 40. R2d3
f6 41. gxf6+ Kxf6 42. f4 exf4 43. Rf3 Rc5 44. Rxf4+ Ke6 45. Rf2 Rxd5 46. exd5+
Kxd5 47. Rg2 Rb8 48. Rxg6 Rf8 49. Rg2 Rf4 50. Rh2 Kd4 51. a3 bxa3+ 52. Kxa3 d5
53. b4 Kc3 54. Rh3+ Kc4 55. Rh1 Rf3+ 56. Ka4 d4 57. b5 d3 58. b6 d2 59. b7 Rb3
0-1

[Event "Moscow Aeroflot op-A 18th"]
[Site "Moscow"]
[Date "2019.02.21"]
[Round "2"]
[White "Murzin, Volodar"]
[Black "Chigaev, Maksim"]
[Result "0-1"]
[WhiteElo "2337"]
[BlackElo "2613"]
[PlyCount "86"]
[EventDate "2019.02.20"]
[EventType "swiss"]
[EventRounds "9"]
[EventCountry "RUS"]
[SourceTitle "CBM 189"]
[Source "ChessBase"]
[SourceDate "2019.04.29"]
[SourceVersion "1"]
[SourceVersionDate "2019.04.29"]
[SourceQuality "1"]

1. e4 e5 2. Nf3 Nc6 3. Bb5 a6 4. Ba4 Nf6 5. d3 d6 6. c3 Bd7 7. O-O g6 8. Re1
Bg7 9. Nbd2 O-O 10. Nf1 Qe8 11. Ng3 Kh8 12. Bc2 Ng8 13. d4 Bg4 14. d5 Nce7 15.
h3 Bxf3 16. Qxf3 f5 17. exf5 gxf5 18. Nh5 Bh6 19. Bxh6 Nxh6 20. Ng3 Qf7 21.
Rad1 Rg8 22. c4 Rg5 23. Kh1 Rag8 24. Rg1 Ng6 25. Qc3 Nh4 26. c5 Qg7 27. b4 f4
28. Ne2 Nxg2 29. Be4 Nf5 30. Bxg2 Rxg2 31. Qf3 Rg6 32. Rxg6 Qxg6 33. Rg1 Nh4
34. Rxg6 Nxf3 35. Rh6 Rg6 36. Rxg6 hxg6 37. Nc3 Nd2 38. cxd6 cxd6 39. f3 Kg7
40. Kg2 Kf6 41. h4 Kf5 42. Na4 e4 43. fxe4+ Kxe4 0-1

[Event "Moscow Aeroflot op-A 18th"]
[Site "Moscow"]
[Date "2019.02.21"]
[Round "2"]
[White "Narayanan, Srinath"]
[Black "Sadhwani, Raunak"]
[Result "0-1"]
[WhiteElo "2572"]
[BlackElo "2448"]
[PlyCount "72"]
[EventDate "2019.02.20"]
[EventType "swiss"]
[EventRounds "9"]
[EventCountry "RUS"]
[SourceTitle "CBM 189"]
[Source "ChessBase"]
[SourceDate "2019.04.29"]
[SourceVersion "1"]
[SourceVersionDate "2019.04.29"]
[SourceQuality "1"]

1. e4 e5 2. Nf3 Nf6 3. Nxe5 d6 4. Nf3 Nxe4 5. d4 d5 6. Bd3 Nc6 7. O-O Be7 8.
Re1 Bf5 9. Nc3 Nxc3 10. bxc3 Bxd3 11. cxd3 O-O 12. Rb1 Rb8 13. Ne5 Nxe5 14.
dxe5 Qd7 15. d4 c5 16. f4 cxd4 17. cxd4 Rfc8 18. Qd3 Rc4 19. f5 Rbc8 20. Be3
Bd8 21. Qf1 Bb6 22. Qf4 g6 23. f6 Bc5 24. Rf1 Bf8 25. Rf3 Rc2 26. Rf2 b5 27. h3
b4 28. Rbf1 a5 29. Qh4 Rxf2 30. Rxf2 h5 31. g4 Rc3 32. Qg5 h4 33. Re2 a4 34.
Bd2 Qb5 35. Rg2 Rf3 36. Qxh4 b3 0-1

[Event "Moscow Aeroflot op-A 18th"]
[Site "Moscow"]
[Date "2019.02.21"]
[Round "2"]
[White "Nihal, Sarin"]
[Black "Indjic, Aleksandar"]
[Result "1-0"]
[WhiteElo "2578"]
[BlackElo "2630"]
[PlyCount "67"]
[EventDate "2019.02.20"]
[EventType "swiss"]
[EventRounds "9"]
[EventCountry "RUS"]
[SourceTitle "CBM 189"]
[Source "ChessBase"]
[SourceDate "2019.04.29"]
[SourceVersion "1"]
[SourceVersionDate "2019.04.29"]
[SourceQuality "1"]

1. Nf3 Nf6 2. c4 c5 3. Nc3 Nc6 4. g3 g6 5. d4 cxd4 6. Nxd4 Bg7 7. Bg2 O-O 8.
O-O Qa5 9. e3 d6 10. Bd2 Qa6 11. b3 Bg4 12. Qe1 Rac8 13. h3 Bd7 14. Qe2 Rfd8
15. Rfe1 e6 16. Rac1 Be8 17. Nxc6 Bxc6 18. e4 Qb6 19. Be3 Qa5 20. Bd4 Nh5 21.
Bxg7 Kxg7 22. Red1 a6 23. Kh2 Nf6 24. Qb2 e5 25. f4 exf4 26. gxf4 Qh5 27. Rd4
g5 28. Nd5 Qh4 29. Rf1 g4 30. Ne7 Bd7 31. e5 gxh3 32. exf6+ Qxf6 33. Bxb7 Rb8
34. Nd5 1-0

[Event "Moscow Aeroflot op-A 18th"]
[Site "Moscow"]
[Date "2019.02.21"]
[Round "2"]
[White "Paravyan, David"]
[Black "Debashis, Das"]
[Result "0-1"]
[WhiteElo "2627"]
[BlackElo "2532"]
[PlyCount "56"]
[EventDate "2019.02.20"]
[EventType "swiss"]
[EventRounds "9"]
[EventCountry "RUS"]
[SourceTitle "CBM 189"]
[Source "ChessBase"]
[SourceDate "2019.04.29"]
[SourceVersion "1"]
[SourceVersionDate "2019.04.29"]
[SourceQuality "1"]

1. d4 Nf6 2. c4 e6 3. Nf3 b6 4. g3 Ba6 5. Qc2 c5 6. d5 exd5 7. cxd5 Bb7 8. Bg2
Nxd5 9. O-O Be7 10. Rd1 Nc6 11. Qa4 Nf6 12. e4 O-O 13. e5 Ne8 14. Nc3 Nc7 15.
h4 Qe8 16. h5 f5 17. exf6 Bxf6 18. Ng5 h6 19. Nge4 Bd4 20. Bf4 Ne6 21. Nd6 Qxh5
22. Nd5 Rab8 23. Rd2 Ba8 24. Re1 Kh8 25. a3 Rbd8 26. b4 Nxb4 27. axb4 Bxd5 28.
Bxd5 Qxd5 0-1

[Event "Moscow Aeroflot op-A 18th"]
[Site "Moscow"]
[Date "2019.02.21"]
[Round "2"]
[White "Petrosian, Tigran L"]
[Black "Tahbaz, Arash"]
[Result "1/2-1/2"]
[WhiteElo "2595"]
[BlackElo "2484"]
[PlyCount "140"]
[EventDate "2019.02.20"]
[EventType "swiss"]
[EventRounds "9"]
[EventCountry "RUS"]
[SourceTitle "CBM 189"]
[Source "ChessBase"]
[SourceDate "2019.04.29"]
[SourceVersion "1"]
[SourceVersionDate "2019.04.29"]
[SourceQuality "1"]

1. d4 Nf6 2. Nf3 e6 3. c4 d5 4. Nc3 Be7 5. Bg5 h6 6. Bh4 O-O 7. e3 Ne4 8. Bxe7
Qxe7 9. Rc1 c6 10. Bd3 Nxc3 11. Rxc3 Nd7 12. O-O e5 13. dxe5 dxc4 14. Rxc4 Nxe5
15. Re4 Nxf3+ 16. Qxf3 Qc7 17. Bc4 b5 18. Bb3 c5 19. Bd5 Bb7 20. Bxb7 Qxb7 21.
Re5 Qb6 22. Qf5 Rac8 23. Rc1 Rfd8 24. g3 g6 25. Qf4 Kg7 26. Re7 Qf6 27. Qxf6+
Kxf6 28. Rxa7 Rd2 29. b3 c4 30. bxc4 Rxc4 31. Rxc4 bxc4 32. Rc7 Rxa2 33. Rxc4
h5 34. Rc6+ Kg7 35. Kg2 Ra4 36. h3 Ra2 37. Kf3 Rb2 38. Rd6 Ra2 39. Rd1 Rb2 40.
Re1 Rb3 41. Re2 Ra3 42. Rd2 Rb3 43. Kf4 Rb1 44. e4 Rh1 45. h4 Re1 46. Rd7 Re2
47. f3 Rg2 48. Rd1 Rf2 49. Rd5 Rf1 50. Rc5 Rf2 51. g4 hxg4 52. Kxg4 Rg2+ 53.
Kh3 Rg1 54. Kh2 Ra1 55. h5 gxh5 56. Rxh5 f6 57. Kg3 Ra6 58. Kf4 Kg6 59. Rd5 Rb6
60. Rd7 Ra6 61. Ke3 Ra3+ 62. Rd3 Ra6 63. f4 Rb6 64. Ra3 Rd6 65. Ra7 Rb6 66. Rc7
Ra6 67. Kd4 Rd6+ 68. Ke3 Ra6 69. Rd7 Ra4 70. Rc7 Ra3+ 1/2-1/2

[Event "Moscow Aeroflot op-A 18th"]
[Site "Moscow"]
[Date "2019.02.21"]
[Round "2"]
[White "Petrosyan, Manuel"]
[Black "Vokhidov, Shamsiddin"]
[Result "1-0"]
[WhiteElo "2564"]
[BlackElo "2494"]
[PlyCount "77"]
[EventDate "2019.02.20"]
[EventType "swiss"]
[EventRounds "9"]
[EventCountry "RUS"]
[SourceTitle "CBM 189"]
[Source "ChessBase"]
[SourceDate "2019.04.29"]
[SourceVersion "1"]
[SourceVersionDate "2019.04.29"]
[SourceQuality "1"]

1. e4 e5 2. Nf3 Nc6 3. Bc4 Bc5 4. d3 Nf6 5. Bg5 h6 6. Bh4 d6 7. c3 a6 8. a4 Ba7
9. Nbd2 g5 10. Bg3 Nh5 11. Nxe5 Nxg3 12. Bxf7+ Kf8 13. Ng6+ Kxf7 14. Nxh8+ Qxh8
15. hxg3 Qf6 16. Qf3 Qxf3 17. gxf3 Kg7 18. f4 Bd7 19. fxg5 hxg5 20. f3 Ne5 21.
Ke2 Re8 22. Rh5 Kg6 23. Rah1 Nf7 24. Rh7 Bxa4 25. f4 Bd7 26. Kf3 d5 27. f5+
Bxf5 28. exf5+ Kf6 29. d4 Bb8 30. Kg4 c6 31. Rxf7+ Kxf7 32. Rh7+ Kf6 33. Rxb7
Bd6 34. Rd7 Bb8 35. Rh7 Re2 36. Rh6+ Kg7 37. Rg6+ Kf7 38. Nf3 Re4+ 39. Kh5 1-0

[Event "Moscow Aeroflot op-A 18th"]
[Site "Moscow"]
[Date "2019.02.21"]
[Round "2"]
[White "Praggnanandhaa, Rameshbabu"]
[Black "Kevlishvili, Robby"]
[Result "1-0"]
[WhiteElo "2532"]
[BlackElo "2463"]
[PlyCount "79"]
[EventDate "2019.02.20"]
[EventType "swiss"]
[EventRounds "9"]
[EventCountry "RUS"]
[SourceTitle "CBM 189"]
[Source "ChessBase"]
[SourceDate "2019.04.29"]
[SourceVersion "1"]
[SourceVersionDate "2019.04.29"]
[SourceQuality "1"]

1. e4 c5 2. Nf3 d6 3. d4 cxd4 4. Nxd4 Nf6 5. Nc3 a6 6. h3 e6 7. g4 h6 8. Bg2
Be7 9. Qd3 O-O 10. g5 hxg5 11. Bxg5 Nc6 12. O-O-O Nxd4 13. Qxd4 e5 14. Qd3 Be6
15. h4 Ng4 16. Qd2 Rc8 17. Rdg1 Nf6 18. Bh3 Kh7 19. Bf5+ Bxf5 20. exf5 Qa5 21.
Rg3 e4 22. Rhg1 Qxf5 23. Bh6 g6 24. Bxf8 Bxf8 25. Kb1 Bh6 26. Qe1 d5 27. Qd1
Qxf2 28. R3g2 Qf3 29. Nxd5 Qxd1+ 30. Rxd1 Nh5 31. Nc3 f5 32. Rd7+ Bg7 33. Nd5
Re8 34. Rg5 Re6 35. Kc1 Kh6 36. Kd1 Bxb2 37. Rxb7 Bd4 38. Ke1 Rc6 39. Ne7 Bc3+
40. Kf1 1-0

[Event "Moscow Aeroflot op-A 18th"]
[Site "Moscow"]
[Date "2019.02.21"]
[Round "2"]
[White "Prithu, Gupta"]
[Black "Sychev, Klementy"]
[Result "1/2-1/2"]
[WhiteElo "2470"]
[BlackElo "2545"]
[PlyCount "62"]
[EventDate "2019.02.20"]
[EventType "swiss"]
[EventRounds "9"]
[EventCountry "RUS"]
[SourceTitle "CBM 189"]
[Source "ChessBase"]
[SourceDate "2019.04.29"]
[SourceVersion "1"]
[SourceVersionDate "2019.04.29"]
[SourceQuality "1"]

1. c4 b6 2. e4 Bb7 3. Nc3 e6 4. a3 c5 5. Nf3 Nf6 6. e5 Ne4 7. Qe2 f5 8. d3 Nxc3
9. bxc3 Nc6 10. Bf4 Be7 11. Qe3 O-O 12. Be2 Na5 13. h4 a6 14. h5 b5 15. O-O
bxc4 16. dxc4 Bc6 17. h6 g6 18. Ng5 Rb8 19. Rab1 Rxb1 20. Rxb1 Qa8 21. Qg3 Rb8
22. Rxb8+ Qxb8 23. Bh5 Qe8 24. Be2 Nb7 25. Kh2 Nd8 26. Bd3 Bf8 27. Qh3 d6 28.
Kg1 dxe5 29. Bxe5 Nf7 30. Nxf7 Kxf7 31. Qe3 Qd8 1/2-1/2

[Event "Moscow Aeroflot op-A 18th"]
[Site "Moscow"]
[Date "2019.02.21"]
[Round "2"]
[White "Sarana, Alexey"]
[Black "Yuffa, Daniil"]
[Result "1/2-1/2"]
[WhiteElo "2630"]
[BlackElo "2578"]
[PlyCount "85"]
[EventDate "2019.02.20"]
[EventType "swiss"]
[EventRounds "9"]
[EventCountry "RUS"]
[SourceTitle "CBM 189"]
[Source "ChessBase"]
[SourceDate "2019.04.29"]
[SourceVersion "1"]
[SourceVersionDate "2019.04.29"]
[SourceQuality "1"]

1. d4 Nf6 2. c4 d6 3. Nf3 g6 4. g3 Bg7 5. Bg2 O-O 6. O-O Nbd7 7. Nc3 e5 8. e4
Re8 9. Re1 exd4 10. Nxd4 Nc5 11. h3 Bd7 12. Nb3 Na4 13. Nxa4 Bxa4 14. Qc2 Nd7
15. Be3 Qf6 16. Re2 c5 17. f4 Qe6 18. Bf2 b5 19. cxb5 c4 20. Nd4 Bxd4 21. Qxa4
Bxf2+ 22. Rxf2 Nc5 23. Qd1 Nxe4 24. Bxe4 Qxe4 25. Qxd6 Rad8 26. Qc5 h5 27. Kh2
h4 28. gxh4 Rd2 29. Kg1 Qd3 30. Rxd2 Qxd2 31. Rf1 Qxb2 32. Qxc4 Re3 33. Qc8+
Kg7 34. Qg4 Qxb5 35. Rf2 Qd3 36. Kh2 Qd4 37. h5 Rxh3+ 38. Kxh3 Qxf2 39. hxg6
fxg6 40. Qd7+ Kh6 41. Qf7 Qf3+ 42. Kh4 Qf2+ 43. Kh3 1/2-1/2

[Event "Moscow Aeroflot op-A 18th"]
[Site "Moscow"]
[Date "2019.02.21"]
[Round "2"]
[White "Sasikiran, Krishnan"]
[Black "Svane, Rasmus"]
[Result "1-0"]
[WhiteElo "2678"]
[BlackElo "2599"]
[Annotator "Sasikiran,K"]
[PlyCount "89"]
[EventDate "2019.02.20"]
[EventType "swiss"]
[EventRounds "9"]
[EventCountry "RUS"]
[SourceTitle "CBM 189"]
[Source "ChessBase"]
[SourceDate "2019.04.29"]
[SourceVersion "1"]
[SourceVersionDate "2019.04.29"]
[SourceQuality "1"]

1. e4 e5 2. Nf3 Nc6 3. Bb5 a6 4. Ba4 Nf6 5. O-O Be7 6. Re1 b5 7. Bb3 O-O 8. c3
d5 9. d4 exd4 10. e5 Ne4 11. cxd4 Bg4 $5 (11... Bf5 $5 {is the main line.} 12.
Nc3 Nxc3 13. bxc3 Na5 14. Bc2 Qd7 15. Bg5 $13 {is a huge theoretical line in
correspondence games and compared to the game Black has an extra move.}) (11...
Na5 12. Bc2 f5 13. exf6 Bxf6 14. Nc3 Nxc3 15. bxc3 Nc4 16. h3 $14 {Stopping
Bg4 ideas.}) 12. Nc3 Nxc3 (12... Bxf3 13. gxf3 Nxc3 14. bxc3 f5 $1 (14... Na5
15. Bc2 f5 16. exf6 Rxf6 (16... Bxf6 17. Kh1 $1 {Despite the weakened kingside
White's attack will gain strength after f4-f5.} Nc4 (17... Bg5 $4 18. Qd3 g6
19. Rg1 Bxc1 20. Rxg6+ $18) 18. f4 $16) 17. Kh1 $14) 15. Kh1 (15. exf6 Rxf6 $13
) 15... Na5 16. Rg1 $5 Kh8 (16... Nxb3 17. axb3 Kh8 18. b4 $5) 17. Qd3 $13 {
corr. 2017}) (12... Bb4 $2 13. Nxe4 $1 Bxe1 14. Neg5 $16) 13. bxc3 Qd7 14. Bc2
$5 {The bishop has nothing to do on b3 and is switched to a more active
diagonal.} Bf5 $5 (14... Rfe8 15. Qd3 g6 16. Qd1 $5 {keeping d4 protected just
in case.} Nd8 (16... Bf5 17. Bxf5 Qxf5 18. h3 $1 {[%cal Gf3h2]}) (16... b4 17.
Ba4 $1 $16 {is annoying.}) 17. h3 Bxf3 18. Qxf3 Ne6 19. Be3 $14) (14... Nd8 15.
Qd3 g6 16. Bh6 Re8 17. Qe3 $14) 15. Bg5 $5 {The exchange of the dark-coloured
bishops is in White's favour as the c5 break becomes difficult to achieve.}
Rab8 $5 {Not a bad move but definitely a step in the wrong direction. Black
needs to get in c5 quickly to achieve equality.} (15... Bxc2 $1 16. Qxc2 Nd8 $1
{immediately relocating the knight.} 17. Bxe7 Qxe7 18. a4 Ne6 19. Qa2 Rad8 20.
Reb1 c6 21. Ne1 c5 22. axb5 axb5 23. Nf3 Qd7 24. Qa7 Qxa7 25. Rxa7 Rb8 $11) 16.
Bxe7 $5 {Aimed with a clear strategic plan of getting a better pawn structure
on the queenside.} (16. Bxf5 Qxf5 17. Bxe7 Nxe7 18. a4 {was played in a
correspondence game in 2010.} b4 $11 {should be enough for equality.}) 16...
Nxe7 $6 {The knight is somewhat misplaced here and is much better on e6.} (
16... Bxc2 17. Qxc2 Qxe7 $5 (17... Nxe7 18. e6 fxe6 19. Ng5 $14) 18. g3 Nd8 19.
Nh4 Ne6 20. Nf5 Qd7 21. Qd2 $14) 17. Nd2 $1 {[%mdl 8] Aiming for c5 square and
freeing the f-pawn.} (17. Bxf5 Qxf5 18. g3 {was played in a game between two
engines in 2017 although here too Nd2-b3 is the most natural plan}) 17... Bxc2
(17... Ng6 $5 18. Bxf5 Qxf5 19. Nb3 Rb6 20. Re3 {Rather than an attacking move,
this is more of defensive resource against Nf4-Rg6.} Nf4 21. Qf3 Rg6 22. g3
Nh3+ 23. Kg2 Qxf3+ 24. Rxf3 Ng5 25. Rd3 $14 {With the a4 break available next,
this endgame is more pleasant for White.}) 18. Qxc2 Rb6 (18... Ng6 $5 19. Nb3
Nf4 20. Qd2 Qf5 21. Re3 $1 $14) 19. Nb3 $1 {The principled reaction
restraining the c5 break.} (19. Re3 $5 Ng6 20. Nb3 Nf4 21. Rae1 Rg6 22. Rg3 Ne6
$11) 19... Ng6 $6 (19... Rg6 20. Nc5 Qg4 21. f3 Qh5 22. Qf2 Nf5 23. g4 Qh3 24.
Nd3 $1 $16 {White forces Black's pieces to retreat as there are no pawn units
involved in Black's attack.}) (19... Qf5 $5 {The endgame was probably Black's
best although here too White has the much better pawn structure.} 20. Qd2 $5
$14 (20. Qxf5 Nxf5 21. Rac1 $1 $14)) 20. Nc5 $1 Qc8 (20... Qg4 21. f3 $1 Qc8
22. a4 $16) 21. Qd2 $5 {One of the toughest moves of the game simply because
of the wide choice available to increase the advantage.} (21. g3 $5 Qh3 22. Re3
$1 $16) (21. Qd1 $5 a5 (21... Nf4 22. Qf3 Qf5 23. g3 Nh3+ 24. Kg2 Qxf3+ 25.
Kxf3 $16) 22. Re3 $14) 21... Re8 (21... Nh4 22. Re3 $1 Rg6 23. Rg3 $1 {After
the exchange of rooks the counterplay is gone.} Qf5 (23... Nf5 24. Rxg6 hxg6
25. a4 $18) 24. Qe2 $16) (21... Qg4 22. h3 Qh4 23. Re3 $1 $16) 22. a4 $5 {
Not the best, but I wanted to activate the rook on a1.} (22. Re3 $5 {This
allows Black to challenge the c5 knight without any concession.} Nf4 23. Rg3
Ne6 24. Rd1 Nxc5 25. dxc5 Rbe6 26. f4 f6 $1 27. Qxd5 c6 28. Qd7 Qxd7 29. Rxd7
g6 30. Rh3 R6e7 31. Rxe7 Rxe7 32. exf6 Rf7 33. Rd3 Rxf6 34. Rd8+ Kg7 35. Rc8
Rxf4 36. Rxc6 Rc4 $11) (22. f4 $1 Qf5 23. Rf1 $16 {and black's pieces are not
co-ordinated.}) 22... Nf8 $6 {This leads to a passive position.} (22... a5 $1 {
creating an outside passer.} 23. axb5 Rxb5 24. f4 Qg4 (24... Qf5 25. Qd3 Qxd3
26. Nxd3 $14) 25. Rf1 Reb8 26. h3 Qg3 27. Qd3 Qxd3 28. Nxd3 $14 {Although
endgame is unpleasant for Black,there is lot of fight left.}) 23. axb5 (23. f4
$5 {The comp recommends this and sees an additional possibility.} Qf5 24. a5
Rh6 (24... Rg6 25. Rf1 $16) 25. e6 $1 Rhxe6 (25... Nxe6 26. Re5 $18) 26. Nxa6
$1 $18 {Huge surprise as the a-pawn is unstoppable.}) 23... axb5 24. f4 Qf5 (
24... Ng6 25. Rf1 Ne7 26. Nd3 $16) 25. Ra7 $6 {Not the most accurate as now
Black gets a chance to get out of the bind with a pawn sacrifice.} (25. Rf1 $5
Ne6 26. Na6 Ra8 27. Nb4 $16) 25... c6 $6 {Now it is just one way traffic as
White's pieces are far better placed than their counterparts.} (25... Ne6 $1
26. Nxe6 (26. g3 $5) 26... fxe6 27. Rxc7 b4 28. cxb4 Reb8 29. Qe3 (29. h3 Rxb4
30. g4 Qf8 31. Rec1 {With the pawns on one side of the board and only major
pieces remaining, i am not sure White is winning at all.}) 29... Rxb4 30. Qg3
Qg6 31. Rf1 $1 $14) 26. Qd3 $1 {The endgame is horrible for Black with such a
pawn structure.} Qg4 (26... Qxf4 27. Rf1 $18) 27. h3 Qh4 28. Rf1 {Finally
aiming for f5.} (28. Rea1 $5) 28... Rbb8 (28... b4 29. Qf5 $1 f6 (29... Re7 30.
Ra8 $18) 30. Nd7 $18) 29. Kh2 $5 {A safety move just in case as time trouble
was approaching.} (29. f5 Ra8 30. Rfa1 Rxa7 31. Rxa7 $18) 29... Ra8 (29... Re7
30. g3 $18) 30. Rc7 $1 {Of course it is better to exchange on c8 as Black
needs one more tempo to reach the a-file.} Rec8 31. Rxc8 Rxc8 32. f5 Re8 (32...
Ra8 33. f6 $1 Ne6 (33... Ra2 34. fxg7 $18) 34. Nxe6 fxe6 35. fxg7 $18) 33. Qe3
$1 {Getting ready to push the black queen from it's active position on h4 with
Rf4.} h6 (33... Ra8 34. f6 $1 g6 35. e6 $1 Nxe6 36. Nxe6 Re8 37. Qf4 $18) 34.
Rf4 Qg5 35. h4 $1 Qh5 (35... Qe7 36. f6 gxf6 37. Qg3+ Ng6 38. Rxf6 $18) 36. Qe1
$1 {Covering all entry points and threatening to trap the queen with g4.} f6
37. e6 {Now I knew I was winning and only needed not to mess anything up in
time trouble.} Re7 38. Qg3 $1 Kh7 (38... g5 39. Rf1 $18) 39. Rf3 $1 {Clearing
the way for the queen to enter.} Ra7 40. Nd3 $5 {A safe move to finish the
time control.} (40. Qd6 $5 Qxh4+ 41. Rh3 Qe1 42. Qxf8 Ra1 43. Rxh6+ $1 gxh6 44.
Qf7+ Kh8 45. Qe8+ Kg7 46. Qg6+ Kh8 47. Qxh6+ Kg8 48. Qg6+ Kh8 49. Qxf6+ Kh7 50.
Qg6+ Kh8 51. Qh6+ Kg8 52. Qg5+ Kh8 53. Nd3 $18) (40. Re3 Re7 41. Qf4 $18) 40...
Qe8 41. Qd6 $1 {Before getting Nf4 the white queen enters.} g6 {Desperation.} (
41... Qe7 42. Qxc6 $18) 42. fxg6+ Nxg6 43. Rxf6 Rg7 (43... Nxh4 44. Nf4 $1 $18)
44. Nf4 Ne7 (44... Nxf4 45. Qxf4 $18) (44... Nxh4 45. Qe5 Rxg2+ 46. Nxg2 $18 {
covers the f3 square.}) 45. Qe5 (45. Qe5 Qg8 46. Rxh6+ Kxh6 47. Qh5# $18) 1-0